000 00525nam a2200169 i 4500
001 72040
003 ES-MaACL
005 20230906171316.0
007 t|
008 040825s1960 sp ||||1| spa d
100 1 _aGil Mateos, Victoriano.
_956841
245 1 4 _aLos caminos del alma herida /
_cVictoriano Gil Mateos ; prólogo de Ignacio Sardá Martín.
260 _aMadrid :
_b[s.n.,
_c1960] (
_fCosano)
300 _a85 p. ;
_c17 cm.
700 1 _aSardá Martín, Ignacio.
_9103789
852 _aES-MaACL
_jC-18813
_bR.46158
999 _c72040
_d72040